| 000 | 00472nam a2200169 a 4500 | ||
|---|---|---|---|
| 003 | DLC | ||
| 005 | 20210219152759.0 | ||
| 022 | _a1741-1432 | ||
| 035 | _aUPN01000060960 | ||
| 245 | 0 | 0 | _aEDUCATIONAL MANAGEMENT ADMINISTRATION AND LEADERSHIP |
| 247 | 0 | 0 | _aEDUCATIONAL MANAGEMENT AND ADMINISTRATION |
| 260 |
_aLondres, Inglaterra _bSAGE Publications |
||
| 310 | _aCuatro veces al año | ||
| 653 | 0 | _aADMINISTRACION EDUCATIVA | |
| 905 | _aRevista | ||
| 999 |
_c60652 _d60652 |
||